000
00334nam a22001457a 4500
003
SGT
082
_a
DAS 530
100
_a
DASH,SARAJ K
245
_a
FUNDAMENTALS OF ELECTROMAGNETIC THEORY
250
_a
1ST
260
_a
NEW DELHI
_b
PHI
_c
2011
300
_a
903
650
_a
PHYSICS, ELECTROMAGNETIC THEORY
942
_2
ddc
_c
FPS
_0
1
999
_c
10090
_d
10090